ARRUPE JESUIT UNIVERSITY

CORONAVIRUS -STOP THE SPREAD - CLEAN,DISINFECT,COVER

The sacred quest (Record no. 94636)

MARC details
000 -LEADER
fixed length control field 00688nam a2200265Ia 4500
003 - CONTROL NUMBER IDENTIFIER
control field 0100
008 - FIXED-LENGTH DATA ELEMENTS--GENERAL INFORMATION
fixed length control field 130307s9999 xx 000 0 und d
020 ## - INTERNATIONAL STANDARD BOOK NUMBER
International Standard Book Number 0023263369
040 ## - CATALOGING SOURCE
Transcribing agency ARRUPELIB
050 ## - LIBRARY OF CONGRESS CALL NUMBER
Classification number BL48.S22 1995
300 ## - PHYSICAL DESCRIPTION
Other physical details 182p. 23cm.
100 ## - MAIN ENTRY--PERSONAL NAME
Personal name Cunningham , Lawrence S... et. al.
245 #4 - TITLE STATEMENT
Title The sacred quest
245 ## - TITLE STATEMENT
Remainder of title an invitation to the study of religion
250 ## - EDITION STATEMENT
Edition statement 2nd ed.
260 ## - PUBLICATION, DISTRIBUTION, ETC. (IMPRINT)
Place of publication, distribution, etc Englewood Cliffs
260 ## - PUBLICATION, DISTRIBUTION, ETC. (IMPRINT)
Name of publisher, distributor, etc Prentice Hall
260 ## - PUBLICATION, DISTRIBUTION, ETC. (IMPRINT)
Date of publication, distribution, etc c1995.
300 ## - PHYSICAL DESCRIPTION
Extent x
650 ## - SUBJECT ADDED ENTRY--TOPICAL TERM
Topical term or geographic name as entry element RELIGION
650 ## - SUBJECT ADDED ENTRY--TOPICAL TERM
Topical term following geographic name as entry element Social sciences -- Periodicals
650 ## - SUBJECT ADDED ENTRY--TOPICAL TERM
Location of event Africa, Southern--Periodicals
650 ## - SUBJECT ADDED ENTRY--TOPICAL TERM
Active dates Africa, Central -- Periodicals
942 00 - ADDED ENTRY ELEMENTS (KOHA)
Koha issues (borrowed), all copies 1
Holdings
Withdrawn status Lost status Source of classification or shelving scheme Damaged status Not for loan Collection code Home library Current library Date acquired Total Checkouts Full call number Barcode Date last seen Copy number Price effective from Koha item type Shelving location Date checked out
    Library of Congress Classification     Main Collection ARRUPE LIBRARY ARRUPE LIBRARY 07/03/2013   BL48.S22 1995 46003074882 26/10/2016 1 07/03/2013 Monograph ( Printed materials)    
    Library of Congress Classification     Main Collection ARRUPE LIBRARY ARRUPE LIBRARY 07/03/2013 1 BL48.S22 1995 46003014994 26/10/2016 2 07/03/2013 Monograph ( Printed materials)   24/10/2013
    Library of Congress Classification     Main Collection ARRUPE LIBRARY ARRUPE LIBRARY 07/03/2013 3 BL48.S22 1995 46003015024 08/02/2018 3 07/03/2013 Monograph ( Printed materials)   05/02/2018

 

Arrupe Library. PO Box MP320 Mt Pleasant, Harare, Zimbabwe
263 242 745411|librarian@aju.ac.zw